01217nam a2200229 a 450000100100000000500170001000800410002702000150006804000250008308200150010810000460012311101270016924501930029626000330048930000370052271000420055904900090060195201280061095201130073895201190085199900170097000002229720200930011656.0100922s2002 dr ac 000 0 spa d a9993402915 aDO-SdBNPbspacBNPHU axxxbC749h1 aBatista del Villar, Guarocuyaeed.9204082 aCongreso nacional y V jornada caribeña de hipertensión arterialn(2a :d2001 may. - jun. 30-2 :cSanto Domingo)94605613aLa hipertensión arterial en los albores del tercer milenio :bdetención, patofisiología, diagnóstico y tratamientos comunitario e individual /ceditor Guarocuya Batista del Villar. aSanto Domingo :bWHL,c2002. a128 p. :bil. ; retrs. ;c28 cm.2 aLiga Mundial de Hipertensión946057 aBNPD 001054708DSaGRbGRcCTd2010-09-22iLF1l0oxxx C749hp22297-30r2020-06-25te. 3w2020-06-25yLFDSZPréstamo en sala 0010718PDaPDbPDcCTd2010-09-22iLF1l0oxxx C749hp22297-10r2020-06-25w2020-06-25yLFPDZNo se presta 0010718PDaPDbPDcCTd2010-09-22iLF1l0oxxx C749hp22297-20r2020-06-25te. 2w2020-06-25yLFPDZNo se presta c21795d21795